000 00451nmm a2200157Ia 4500
008 251105s9999||||xx |||||||||||||||||und||
041 _aspa
100 _aDouglas, Michelle
245 0 _aMi nueva familia
264 _a[Madrid, España] :
_bHarlequin,
_c[Fecha de publicación no identificada]
300 _a0 páginas
490 _a'Bellaroo Creek'
650 _aRomance
856 _uhttps://public.digitaliapublishing.com/a/92645
942 _cCF
999 _c98488
_d98488